INDIAN BANKING - Nature , Performance and Problems. (Record no. 701992)

MARC details
000 -LEADER
fixed length control field 00612nam a2200181Ia 4500
008 - FIXED-LENGTH DATA ELEMENTS--GENERAL INFORMATION
fixed length control field 100920s9999 xx 000 0 und d
082 ## - DEWEY DECIMAL CLASSIFICATION NUMBER
Item number 58275
Classification number 330 थ 91
100 ## - MAIN ENTRY--PERSONAL NAME
Personal name Desai vasant.
245 ## - TITLE STATEMENT
Title INDIAN BANKING - Nature , Performance and Problems.
260 ## - PUBLICATION, DISTRIBUTION, ETC. (IMPRINT)
Name of publisher, distributor, etc Himalaya Publishing House, BOMBAY.
Date of publication, distribution, etc 1991
300 ## - PHYSICAL DESCRIPTION
Extent 579
Other physical details साधी
365 ## - TRADE PRICE
Price amount 190
520 ## - SUMMARY, ETC.
Summary, etc अर्थशास्त्र.
630 ## - SUBJECT ADDED ENTRY--UNIFORM TITLE
Uniform title INDIAN BANKING - Nature , Performance and Problems.
650 ## - SUBJECT ADDED ENTRY--TOPICAL TERM
Topical term or geographic name as entry element अर्थशास्त्र.
730 ## - ADDED ENTRY--UNIFORM TITLE
Uniform title INDIAN BANKING - Nature , Performance and Problems.
942 ## - ADDED ENTRY ELEMENTS (KOHA)
Koha item type Book
Holdings
Withdrawn status Lost status Damaged status Not for loan Home library Current library Shelving location Date acquired Cost, normal purchase price Total Checkouts Barcode Date last seen Price effective from Koha item type Public note
        Shri Chhatrapati Pratapsinh Maharaj ( Thorle) Nagar Vachanalaya, Satara Shri Chhatrapati Pratapsinh Maharaj ( Thorle) Nagar Vachanalaya, Satara     190.00   SATVAC-58275 09/20/2010 09/20/2010 Book देवघेव